000 00524nam a22001697a 4500
005 20231108134010.0
008 231108b |||||||| |||| 00| 0 eng d
020 _a0908423101
041 _aEnglish
082 _a346.2 QUA
100 _aQuail, GP
_lEnglish
245 _aThe Building Contract 1981 Supplement /
_cGP Quail
260 _aPietermaritzburg :
_bBuilding Publications (Pty) Ltd,
_c1981
300 _b253 pages ;
_c25,5 cm.
650 _aLegal practice
_bLaw
942 _cBK
_6ALISON_BN_VRIES
999 _c437
_d437